000 00661nam a2200253Ia 4500
003 OSt
005 20221005035940.0
006 a|||||r|||| 00| 0
007 ta
008 221004b |||||||| |||| 00| 0 eng d
024 _a54783
037 _cTextual
040 _aCRL
_cCRL
_beng
041 _2eng
_aeng
082 _aV2y7N17, M4
100 _aAhluwalia B K
245 0 _aMartyrdom of Indira Gandhi
260 _aDelhi
_bManas publications
_c1984
300 _a135p.
_ccm.
650 _aHISTORY
700 _a Ahluwalia Shashi
942 _hV2y7N17, M4
_cTEXL
_2cc
999 _c946102
_d946102